<?xml version="1.0" encoding="UTF-8"?>
<marc:record xmlns:marc="http://www.loc.gov/MARC21/slim">
   <marc:leader>00000nam a2200000 a 4500</marc:leader>
   <marc:datafield ind1="1" ind2=" " tag="100">
      <marc:subfield code="a">Kinney, Jeff</marc:subfield>
      <marc:subfield code="4">aut</marc:subfield>
      <marc:subfield code="e">Verfasser/-in</marc:subfield>
   </marc:datafield>
   <marc:datafield ind1=" " ind2=" " tag="653">
      <marc:subfield code="a">Weihnachten</marc:subfield>
   </marc:datafield>
   <marc:datafield ind1=" " ind2=" " tag="653">
      <marc:subfield code="a">Schule</marc:subfield>
   </marc:datafield>
   <marc:datafield ind1=" " ind2=" " tag="653">
      <marc:subfield code="a">männliche Jugend</marc:subfield>
   </marc:datafield>
   <marc:datafield ind1=" " ind2=" " tag="653">
      <marc:subfield code="a">Humor</marc:subfield>
   </marc:datafield>
   <marc:datafield ind1=" " ind2=" " tag="653">
      <marc:subfield code="a">Eltern</marc:subfield>
   </marc:datafield>
   <marc:datafield ind1="0" ind2="0" tag="245">
      <marc:subfield code="a">Gregs Tagebuch 6</marc:subfield>
   </marc:datafield>
   <marc:datafield ind1="0" ind2="0" tag="245">
      <marc:subfield code="b">ein Comic-Roman ab 10 Jahren; Bd. 6</marc:subfield>
   </marc:datafield>
   <marc:datafield ind1=" " ind2="1" tag="264">
      <marc:subfield code="b">Baumhaus Verlag</marc:subfield>
      <marc:subfield code="c">2011</marc:subfield>
   </marc:datafield>
   <marc:datafield ind1="1" ind2=" " tag="520">
      <marc:subfield code="a">Klappentext zu: Gregs Tagebuch - Keine Panik! Greg ist in großen Schwierigkeiten. In der Schule wurden Dinge beschädigt, und er ist in Verdacht geraten, der Schuldige zu sein. Dabei ist er unschuldig - zumindest irgendwie. Droht ihm trotzdem eine fette Strafe? Zu allem Übel werden die Heffleys von einem Schneesturm überrascht und eingeschneit. So bleibt die Familie im Haus gefangen. Der Strom fällt aus, das Essen wird knapp und alle gehen sich kräftig auf den Wecker à Stellt sich die Frage: Gibt es eine schlimmere Strafe, als mit der eigenen Familie eingesperrt zu sein? Da heißt es: Nerven behalten. Bloß keine Panik!  Autoren-Porträt von Jeff Kinney: Jeff Kinney ist Onlinespieleentwickler und -designer. Er ist in Washington, D.C. aufgewachsen und zog 1995 nach Neuengland. Er lebt mit seiner Frau Julie und seinen zwei Söhnen Will und Grant im Süden von Massachusetts.</marc:subfield>
   </marc:datafield>
   <marc:datafield ind1=" " ind2=" " tag="020">
      <marc:subfield code="a">9783833936371</marc:subfield>
      <marc:subfield code="9">9783833936371</marc:subfield>
   </marc:datafield>
</marc:record>
